Sports Quiz

Random Sports or Football Quiz

Gillingham Outfield Players Since 1995/96 Quiz Stats

 Plays Quiz not verified by Sporcle

Challenge
Share
Tweet
Embed
Score 0/200 Timer 20:00
0 Plays Today
Position Player % Correct
STGeorges Ba
96.7%
CBSimon King
95%
STMarlon King
95%
CMAndy Hessenthaler
93.3%
RB/CMNeil Smith
91.7%
CMPaul Smith
91.7%
STCody McDonald
91.7%
CBBarry Ashby
90%
RB/RM/CMNicky Southall
90%
STDean McDonald
90%
CBIan Cox
86.7%
RBBarry Fuller
86.7%
CBGarry Richards
86.7%
CMDanny Spiller
86.7%
STSimeon Jackson
86.7%
LBJohn Nutter
85%
STCarl Asaba
85%
LBRoland Edge
83.3%
LB/CMDanny Jackman
83.3%
CBAdrian Pennock
83.3%
LMAndy Barcham
83.3%
STAde Akinbiyi
83.3%
RBKenny Brown
81.7%
CBWayne Brown
81.7%
CBBarry Miller
81.7%
RM/CBMark Bentley
81.7%
LMAaron Brown
81.7%
RM/STMatthew Jarvis
81.7%
CMAdam Miller
81.7%
CMAshley Miller
81.7%
CBGuy Butters
80%
CBChris Hope
80%
CBLeon Johnson
80%
STAdebayo Akinfenwa
80%
STTommy Johnson
80%
STRobert Taylor
80%
CBTony Butler
78.3%
LMTy Gooden
78.3%
CMJack Payne
78.3%
CMMark Saunders
78.3%
STSteve Butler
78.3%
RB/CB/CFNyron Nosworthy
76.7%
CMAndrew Crofts
76.7%
CMJunior Lewis
76.7%
STIffy Onuora
76.7%
LBCraig Armstrong
75%
CBMark Harris
75%
RBDuncan Jupp
75%
CM/RBStuart Lewis
75%
CMCurtis Weston
75%
STLeo Fortune-West
75%
STNeil Harris
75%
STAndy Thomson
73.3%
STRod Wallace
73.3%
CM/STPaul Shaw
73.3%
CBJosh Gowling
71.7%
LBJohn Hills
71.7%
LB/LMJoe Martin
71.7%
CMDavid Martin
71.7%
STDennis Bailey
71.7%
CBBrent Sancho
70%
STDarren Byfield
70%
STDennis Oli
70%
CMMichael Flynn
68.3%
STAndy White
68.3%
CBMatt Lawrence
66.7%
STDarius Henderson
66.7%
Position Player % Correct
RBMark Patterson
65%
CMKevin Maher
65%
CBCallum Davies
63.3%
CMCharlie Lee
63.3%
STMark McCammon
63.3%
STChristian Lee
63.3%
STMamady Sidibe
63.3%
CBMatt Bryant
61.7%
LBPaul Williams
61.7%
LBTommy Williams
61.7%
RMJohn Hodge
61.7%
STPatrick Agyemang
61.7%
STGuy Ipoua
61.7%
STGary Mulligan
61.7%
CMMick Galloway
60%
CMMarcus Browning
58.3%
CMSteve Lomas
58.3%
STAndy Pugh
58.3%
CMAlan Pouton
56.7%
CMStuart Thurgood
56.7%
RB/CBRichard Green
55%
RB/LB/RM/LMChris Palmer
55%
RBRichard Rose
55%
CMSimon Osborn
55%
CMSimon Ratcliffe
55%
RMChris Whelpdale
55%
STSteve Hislop
55%
CBBen Chorley
53.3%
CMJonathon Douglas
53.3%
RM/CMLuke Rooney
53.3%
STAndy Ansah
53.3%
STChris Dickson
53.3%
STDelroy Facey
53.3%
STRene Howe
53.3%
STGuylain Ndumbu-Nsungu
53.3%
STIwan Roberts
53.3%
LBJonathan Bass
51.7%
CBDarren Carr
51.7%
RBSean Clohessy
51.7%
RMTommy Black
51.7%
LM/CMDavid Perpetuini
51.7%
STLeroy Griffiths
51.7%
LBJlloyd Samuel
50%
LB/CBTom Wynter
50%
STJones Awuah
50%
STLuis Cumbers
50%
STPaul Shields
50%
CBAdam Bygrave
48.3%
CBDanny Cullip
48.3%
CBDarren Dennehy
48.3%
LB/LMClint Easton
48.3%
CBTony Sinclair
48.3%
RMMark O'Connor
48.3%
STJohn Gayle
48.3%
STMark Lovell
48.3%
STJames Pinnock
48.3%
STGary Wales
48.3%
CBDean Beckwith
46.7%
RB/CBGlen Thomas
46.7%
CMRichard Carpenter
46.7%
RMKevin James
46.7%
RM/CMJon Wallis
46.7%
STLuke Freeman
46.7%
LBNeil Masters
45%
LBBrian McGlinchey
45%
LBDominic Naylor
45%
CBEfe Sodje
45%
Position Player % Correct
STDavid Graham
45%
LBJay McEveley
43.3%
RMBarry Cogan
43.3%
STFrannie Collin
43.3%
STAdrian Foster
43.3%
STRodney Rowe
43.3%
CBMatt Fry
41.7%
RMStanley Aborah
41.7%
RMJamie Peters
41.7%
CMCraig Stone
41.7%
STGavin Grant
41.7%
STLee Matthews
41.7%
RBJoe Dunne
40%
CBAlex Watson
40%
LMFelix Bastians
40%
RMTyrone Berry
40%
STMoses Ashikodi
40%
STDonovan Simmonds
40%
CMSteve Castle
38.3%
LMCharlie Daniels
38.3%
CMJosh Wright
38.3%
LM/CMRashid Yussuff
38.3%
STMatt Bodkin
38.3%
RBJon Ford
36.7%
CBLeigh Mills
36.7%
CMAdam Nowland
36.7%
RMDavid Puttnam
36.7%
STTrevor Benjamin
36.7%
STKevin Lisbie
36.7%
LBIan Chapman
35%
RBJohn Humphrey
35%
LBRene Steer
35%
RMBruce Inkango
35%
CMDean Marney
35%
STFebian Brandy
35%
STJacob Erskine
35%
STAkwasi Fobi-Edusei
35%
CBFranck Rolling
33.3%
RBBrian Statham
33.3%
RMJimmy Corbett
33.3%
CMBilly Manuel
33.3%
CMCraig Rocastle
33.3%
CMMichael Phillips
33.3%
STSteve Claridge
33.3%
LBMarvin Hamilton
31.7%
RBLuke Howell
31.7%
RBAndy Sambrook
31.7%
CMJustin Cochrane
31.7%
LMAlbert Jarrett
31.7%
RM/LMTristan Plummer
31.7%
STScott Vernon
31.7%
STJames Walker
31.7%
CMCharlie Howard
30%
CM/CFLenny Piper
30%
RBMark Cornielle
28.3%
LMJohn Robinson
28.3%
LBCallum Kennedy
26.7%
STManny Omoyimni
26.7%
CBTony Dobson
25%
CBMark Morris
25%
STGeorge Ndah
23.3%
STBas Savage
23.3%
CMStuart Elliott
21.7%
CMGary Mickelwhite
21.7%
RB/RMDale Tonge
21.7%
STTom Murphy
15%

You're not logged in!

Compare scores with friends on all Sporcle quizzes.
OR
Log In

You Might Also Like...

Show Comments

Extras

Top Quizzes Today


Score Distribution

Your Account Isn't Verified!

In order to create a playlist on Sporcle, you need to verify the email address you used during registration. Go to your Sporcle Settings to finish the process.

Report this User

Report this user for behavior that violates our Community Guidelines.

Details: